Ošibki-lovuški pri programmirovanii na fertrane /

Na minha lista:
Detalhes bibliográficos
Main Authors: Borovin, Gennadij Konstantinovič (Author), Komarov, Michail Michailovič (Author), Jaroševskij, Viktor Semenovič (Author)
Formato: Livro
Publicado em: Moskva : Nauka, 1987
Tags: Adicionar Tag
Sem tags, seja o primeiro a adicionar uma tag!

MARC

LEADER 00000nam a22000003a 4500
001 stu15752
005 20150617225757.9
008 ------s1987----xxr---------------------d
040 |a STU  |b slo 
041 0
044 |a xxr 
080 |a 681.3.06 
100 1 |a Borovin, Gennadij Konstantinovič  |4 aut 
245 1 |a Ošibki-lovuški pri programmirovanii na fertrane /  |c [aut.]Borovin,Gennadij Konstantinovič, Komarov,Michail Michailovič, Jaroševskij,Viktor Semenovič 
260 |a Moskva :  |b Nauka,  |c 1987 
300 |a 141 s :  |b Literatúra 
700 1 |a Komarov, Michail Michailovič  |4 aut 
700 1 |a Jaroševskij, Viktor Semenovič  |4 aut 
996 |b C81034  |c C*81034  |l CCVI  |s P  |a 0  |w stu15752_0001